| 000 | 00573nam a2200193Ia 4500 | ||
|---|---|---|---|
| 003 | GCL | ||
| 008 | 140319s9999 xx 000 0 ara d | ||
| 040 |
_aGCL / _cGCL |
||
| 082 | 0 | 4 |
_aط _b813.02 _bك ق |
| 100 | 1 | _aكامل كيلانى | |
| 245 | 1 | 0 |
_aاسرار عمار / _cكامل كيلانى |
| 260 |
_aالقاهرة : _bمطبعة الكيلانى الصغير |
||
| 300 |
_a16 ص ؛ _c24 سم |
||
| 490 |
_aقالت شهرزاد _v0 |
||
| 650 | 0 | 4 | _aالقصص القصيرة |
| 650 | 0 | 4 | _aقصص الاطفال |
| 650 | 0 | 4 | _aالاساطير |
| 942 |
_2ddc _cBK |
||
| 999 |
_c6833 _d6833 |
||